| 000 | 00375 a2200145 4500 | ||
|---|---|---|---|
| 001 | 155242 | ||
| 040 | _cEscola São Tomás de Aquino | ||
| 100 | _aDÍEZ, Ignacio Rodero | ||
| 240 | 1 | 0 |
_aEspañol en marcha 1 _lpor |
| 245 | 1 | 0 | _aEspañol en marcha 1 |
| 300 | _a125 | ||
| 362 | 0 | _a2009 | |
| 697 | _aSistemas de escrita, fonologia, fonética da norma espanhola | ||
| 942 | _cBK | ||
| 999 |
_c155242 _d155242 |
||